Lluvia /

Guardado en:
Autor Principal: Simenon, Georges
Formato: Libro
Publicado: España : Ediciónes B, 1988
Etiquetas: Agregar Etiqueta
Sin Etiquetas, Sea el primero en etiquetar este registro!
LEADER 00378nam a22001455a 4500
001 CEM.cems005998
005 20060214000000.0
008 130507s1988##################000#0#####d
003 CEMS
082 0 4 |a 843.9 
100 1 |a Simenon, Georges 
245 1 0 |a Lluvia / 
260 |a España :  |b Ediciónes B,  |c 1988 
300 |a 151 p.1 
859 |a CEMS  |b BIB. CEMS - 11 de abril  |h 843.9  |i Si44  |p 16348.91  |t Ej.1